| 000 | 01011nam a22003135i 4500 | ||
|---|---|---|---|
| 001 | 18078 | ||
| 003 | ES-MaACL | ||
| 005 | 20250812053009.0 | ||
| 007 | t| | ||
| 008 | 010813s1992 sp ||||0| spa j | ||
| 020 | _a84-7774-557-9 | ||
| 040 |
_aM-BN _bspa _cM-BN |
||
| 080 | _a78.01"17" | ||
| 080 | _a111.852"17" | ||
| 100 | 1 |
_aNeubauer, John. _985426 |
|
| 245 | 1 | 3 |
_aLa emancipación de la música _b: el alejamiento de la mímesis en la estética del siglo XVIII / _cJohn Neubauer ; [traducción de Francisco Giménez Gracia]. |
| 260 |
_aMadrid : _bVisor, _c1992. |
||
| 300 |
_a343 p ; _c22 cm. |
||
| 490 | 1 |
_aLa balsa de la medusa ; _v57 |
|
| 500 | _aIndice. | ||
| 504 | _aBibliografía: p. 313-333. | ||
| 650 | 4 |
_aEstética musical- _yS.XVIII. _912550 |
|
| 650 | 1 | 4 |
_aEstética- _yS.XVIII. _912539 |
| 700 | 1 |
_aGiménez Gracia, Francisco. _957050 |
|
| 830 | 0 | 3 |
_aLa balsa de la Medusa _v57 _9178610 |
| 852 |
_aES-MaACL _jL-24821 _bR.130120 |
||
| 999 |
_c18078 _d18078 |
||